Religion Quiz

Random Religion or Church Quiz
Score 0/6 Timer 02:30
0 Plays Today
% Correct
Bergamo polenta
92.7%
Bavarian Christmas cookies
92.4%
Swiss Guard eggplant parmesan
87.9%
Lake Bolsena eels
86.3%
kremówka papieska
70%
Vatican Fiorentina
52.6%
Remove Ads.
Support Sporcle.
Get the best of Sporcle when you Go Orange. This ad-free experience offers more features, more stats, and more fun while also helping to support Sporcle. Thank you for becoming a member.

You're not logged in!

Compare scores with friends on all Sporcle quizzes.
OR
Log In

Sporcle TV

Today on Sporcle TV


Watch our educational content, quiz creation guides, and fun videos on Sporcle TV.

Show Comments

Extras

Top Quizzes Today


Score Distribution

Paid Content

Your Account Isn't Verified!

In order to create a playlist on Sporcle, you need to verify the email address you used during registration. Go to your Sporcle Settings to finish the process.

Report this User

Report this user for behavior that violates our Community Guidelines.

Details: